|
|
|
|
| LEADER |
00000npc a22000002 4500 |
| 001 |
LR101370571 |
| 003 |
PipeLineGenerated |
| 005 |
20260501052612.0 |
| 008 |
190606s2019 xx ||||| 00| ||ger c |
| 100 |
|
|
|a Spemann, Franz
|0 (DE-588)101370571
|0 (DE-627)667897895
|d 1877-1956
|
| 245 |
|
|
|a Archivmaterialien zu Franz Spemann, 1877-1956
|
| 856 |
|
|
|u https://kalliope-verbund.info/gnd/101370571
|3 Archivdatenbank (Kalliope Verbundkatalog)
|
| BIB |
|
|
|a 1
|o create_literary_remains_records
|
| CAN |
|
|
|a 1
|o create_literary_remains_records
|
| ELC |
|
|
|a 1
|
| REL |
|
|
|a 1
|o create_literary_remains_records
|
| SUB |
|
|
|a CAN
|a BIB
|a REL
|